00539nam a2200157Ia 450000500170000000800410001708200230005824500410008126000550012230000140017750000440019170000260023594200060026195200990026799900150036620250307032302.0240331s9999 xx 000 0 und d bVEL24445a894.811 0aVelippaduthal:bPengalin Kavithaikal aBatticaloa,bSuriya Women Development Centerc2001 ax, 50 p., aA collection of poems written by women. aThalayasingam, Jeedt cL 001040708LaWERCLbWERCLcSSCd2024-03-31l0o 894.811 VELp4445r2024-03-31w2024-03-31yL c3832d3832